Rubber based farming systems: An annotated bibliography. Articles.A-P (Record no. 44302)

MARC details
000 -LEADER
fixed length control field 00312nam a2200109Ia 4500
082 ## - DEWEY DECIMAL CLASSIFICATION NUMBER
Classification number NR:016RBF
Item number RRI.1
100 ## - MAIN ENTRY--AUTHOR NAME
Personal name Sujatha, V R
245 #0 - TITLE STATEMENT
Title Rubber based farming systems: An annotated bibliography. Articles.A-P
260 ## - PUBLICATION, DISTRIBUTION, ETC. (IMPRINT)
Place of publication Kottayam
Name of publisher RRII
Year of publication 2005
942 ## - ADDED ENTRY ELEMENTS (KOHA)
Koha item type Books
Holdings
Withdrawn status Lost status Damaged status Not for loan Home library Current library Date acquired Source of acquisition Full call number Accession Number Koha item type
        RRII Library RRII Library 16/12/2021 Gift NR:016RBF RRI.1 G01049 Books